Títeres y marionetas

I tiakina i:
Ngā taipitopito rārangi puna kōrero
Kaituhi matua: Gasch, Sebastián (Author)
Hōputu: Pukapuka
Reo:Pāniora
I whakaputaina: Barcelona Argos 1949
Rangatū:Esto es España
Ngā marau:
Ngā Tūtohu: Tāpirihia he Tūtohu
Kāore He Tūtohu, Me noho koe te mea tuatahi ki te tūtohu i tēnei pūkete!

MARC

LEADER 00000nam a2200000 a 4500
001 UCY9478
003 CL-VaPUC
008 950717e19491200SP |||||||||||||||||spa|d
082 0 4 |a 791.53  |b GAS  |2 21 
100 0 |a Gasch, Sebastián  |e author  |9 341674 
245 1 0 |a Títeres y marionetas 
300 |a 53 p 
942 |c BK 
945 |d 19950717 00:00:00  |a cmena 
260 |a Barcelona  |b Argos  |c 1949 
650 7 |a MARIONETAS  |2 CL-VaPUC  |9 341450 
650 0 |a Títeres  |9 307644 
650 0 |a Teatro  |9 265385 
650 7 |a FUNCIONES TEATRO  |2 CL-VaPUC  |9 341675 
651 0 |a España  |9 254926 
583 |a last modification  |c 19950717 00:00:00  |k Rodrigo Vera 
490 0 |a Esto es España 
999 |c 236565  |d 236563 
952 |0 0  |1 0  |4 0  |6 791_530000000000000_GAS_1949  |7 0  |8 P  |9 244738  |a BIBEDU  |b BIBEDU  |d 2019-11-18  |i 1531522  |o 791.53 GAS 1949  |p 1531522  |r 2019-11-18  |w 2019-11-18  |y BK  |k EDU